[Event "23rd EUR-ch"]
[Site "Vrnjacka Banja SRB"]
[Date "2023.03.11"]
[Round "9.211"]
[White "Garifulin, Yury"]
[Black "Demir, Baran"]
[Result "1/2-1/2"]
[WhiteElo "1975"]
[BlackElo "2122"]
[EventDate "2023.03.03"]
[PlyCount "159"]

1.e4 c5 2.Nf3 e6 3.d4 cxd4 4.Nxd4 Nc6 5.Nc3 Nf6 6.Be3 a6 7.a3 Qc7 8.Be2 
Be7 9.O-O d6 10.f4 Bd7 11.Qe1 Na5 12.Qg3 Nc4 13.Bxc4 Qxc4 14.e5 Nd5 15.
Nxd5 Qxd5 16.Qxg7 Rf8 17.Rad1 Qe4 18.Rfe1 O-O-O 19.Bc1 Qg6 20.Qxg6 hxg6 
21.Be3 d5 22.g4 Rh8 23.Bf2 Rh3 24.Rd3 Rxd3 25.cxd3 Kb8 26.h4 Rh8 27.Kg2 
Kc7 28.Rh1 Kd8 29.h5 gxh5 30.Rxh5 Rg8 31.Kf3 Bc5 32.Rh7 Bxd4 33.Bxd4 Ke8 
34.Bf2 Bb5 35.d4 Bd3 36.Rh6 Bc2 37.Rh4 Kd7 38.Be1 Be4+ 39.Ke3 Kc6 40.Kf2 
Kb5 41.Kg3 Bf5 42.Kh3 Be4 43.Rh5 Bf3 44.Rg5 Rxg5 45.fxg5 Kc4 46.Kg3 Be4 
47.Bc3 Bg6 48.Kf4 Kd3 49.Kf3 a5 50.Kf2 b5 51.Ke1 Kc4 52.Bxa5 Kxd4 53.Bc7 
Ke3 54.Kd1 d4 55.b3 Kd3 56.Ba5 Be4 57.a4 bxa4 58.bxa4 Bc6 59.Ke1 Bxa4 60.
Bb4 Bc6 61.Kd1 Bf3+ 62.Ke1 Bxg4 63.Ba5 Bf3 64.Bb4 Ke3 65.Bc5 Ke4 66.Bd6 
Kf5 67.Kd2 Be4 68.Bc7 Kxg5 69.Bb6 d3 70.Bd8+ Kf4 71.Bf6 Bg6 72.Bh8 Ke4 73.
Bf6 Bh5 74.Bg7 Kd4 75.Bf6 Bg6 76.Bg7 f5 77.exf6 e5 78.f7 Bxf7 79.Bxe5+ 
Kxe5 80.Kxd3 1/2-1/2

[Event "23rd EUR-ch"]
[Site "Vrnjacka Banja SRB"]
[Date "2023.03.11"]
[Round "9.212"]
[White "Bozanic, Jovan"]
[Black "Todev, Simeon"]
[Result "1/2-1/2"]
[WhiteElo "1934"]
[BlackElo "2119"]
[EventDate "2023.03.03"]
[PlyCount "53"]

1.Nf3 g6 2.e4 Bg7 3.d4 d6 4.Nc3 a6 5.a4 Bg4 6.Be2 Nd7 7.Be3 e5 8.h3 Bxf3 
9.Bxf3 Ne7 10.O-O O-O 11.Qd2 Re8 12.Ne2 c6 13.a5 f5 14.Bg5 Nf6 15.dxe5 
dxe5 16.exf5 Qxd2 17.Bxd2 e4 18.fxg6 exf3 19.gxh7+ Nxh7 20.Nc3 fxg2 21.
Kxg2 Nf5 22.Ra4 Rad8 23.Bf4 Nd4 24.Rb4 Rd7 25.Rd1 Red8 26.Rd2 Nf5 27.Bg5 
1/2-1/2

[Event "23rd EUR-ch"]
[Site "Vrnjacka Banja SRB"]
[Date "2023.03.11"]
[Round "9.213"]
[White "Janjic, Stefan"]
[Black "Tadic, Katarina"]
[Result "1-0"]
[WhiteElo "2115"]
[BlackElo "1919"]
[EventDate "2023.03.03"]
[PlyCount "138"]

1.d4 d5 2.c4 c6 3.Nc3 Nf6 4.e3 e6 5.Nf3 Nbd7 6.Qc2 Bd6 7.b3 O-O 8.Be2 b6 
9.O-O Bb7 10.Bb2 Qe7 11.Rad1 Rad8 12.h3 Rfe8 13.e4 dxe4 14.Ng5 e3 15.fxe3 
h6 16.Nge4 Bb8 17.Bf3 Nh7 18.c5 bxc5 19.Ba3 f5 20.Nxc5 Nxc5 21.Bxc5 Qg5 
22.Qf2 Bg3 23.Qd2 Bb8 24.Ne2 Qh4 25.Qe1 Qg5 26.Qf2 Nf6 27.h4 Qg6 28.Nf4 
Qf7 29.Qg3 Kh7 30.h5 Bxf4 31.Qxf4 Nxh5 32.Bxh5 Qxh5 33.Qc7 Ba6 34.Rfe1 Rc8
35.Qxa7 Be2 36.Rd2 Bg4 37.Qd7 Qh4 38.Rf1 Qg5 39.Re1 Qh4 40.Rf2 Ra8 41.a4 
Rac8 42.a5 e5 43.dxe5 f4 44.Qd3+ Kh8 45.exf4 Rc7 46.a6 Rf7 47.g3 Qh5 48.
Rh2 Bh3 49.Qf1 Bxf1 50.Rxh5 Bxa6 51.e6 Rb7 52.b4 Bc4 53.f5 Kh7 54.Rh4 Bd5 
55.Rh2 Rbb8 56.g4 Ra8 57.Kf2 Ra3 58.Re3 Ra2+ 59.Kg3 Ra1 60.Ree2 Kg8 61.Kf4
Ra3 62.Re3 Ra1 63.Rf2 Raa8 64.Rg3 Ra1 65.g5 Re1 66.gxh6 Re4+ 67.Kg5 gxh6+ 
68.Kxh6+ Kh8 69.Rh3 Rg8 1-0

[Event "23rd EUR-ch"]
[Site "Vrnjacka Banja SRB"]
[Date "2023.03.11"]
[Round "9.214"]
[White "Roebers, Jan"]
[Black "Antonioudakis, Georgios"]
[Result "0-1"]
[WhiteElo "2113"]
[BlackElo "1953"]
[EventDate "2023.03.03"]
[PlyCount "74"]

1.e4 c5 2.Nf3 d6 3.h3 Nf6 4.c3 g6 5.Bd3 Bg7 6.Bc2 O-O 7.O-O Nc6 8.d4 cxd4 
9.cxd4 Nb4 10.Bb3 d5 11.e5 Ne4 12.Nc3 Nxc3 13.bxc3 Nc6 14.Bg5 Be6 15.Qd2 
Na5 16.Rfe1 Qc7 17.Rac1 Rac8 18.Bf4 Nxb3 19.axb3 Qd7 20.Bh6 Rc6 21.Qf4 f6 
22.Bxg7 Kxg7 23.exf6+ exf6 24.Re3 Bf7 25.Nh2 Re8 26.Ng4 h5 27.Rxe8 Qxe8 
28.Ne3 Qc8 29.Qg3 b5 30.b4 Kh7 31.Qf3 Qd7 32.h4 Re6 33.Qxd5 Qe7 34.Qf3 Re4
35.g3 f5 36.Ra1 Qb7 37.Kh2 Rxh4+ 0-1

[Event "23rd EUR-ch"]
[Site "Vrnjacka Banja SRB"]
[Date "2023.03.11"]
[Round "9.215"]
[White "Veleski, Robert"]
[Black "Pirvulescu, Adrian"]
[Result "1/2-1/2"]
[WhiteElo "2106"]
[BlackElo "1738"]
[EventDate "2023.03.03"]
[PlyCount "182"]

1.Nf3 c5 2.g3 Nc6 3.Bg2 g6 4.O-O Bg7 5.d3 e5 6.Nc3 Nge7 7.e4 O-O 8.a4 d6 
9.Bd2 h6 10.Nh4 Be6 11.Nd5 g5 12.Nxe7+ Nxe7 13.Nf5 Nxf5 14.exf5 Bxf5 15.
Bxb7 Rb8 16.Qf3 Bh3 17.Rfb1 Qd7 18.Bc6 Qf5 19.a5 Qxf3 20.Bxf3 e4 21.Bg2 
Bxg2 22.Kxg2 exd3 23.cxd3 Bxb2 24.Ra4 Bd4 25.Rxb8 Rxb8 26.Be3 Bxe3 27.fxe3
Rb3 28.Re4 Kf8 29.d4 cxd4 30.Rxd4 Ke7 31.Kf3 Ra3 32.Rd5 Ke6 33.Rb5 a6 34.
Rb8 Rxa5 35.Rh8 h5 36.h3 Rf5+ 37.Ke4 Re5+ 38.Kd4 Rd5+ 39.Kc4 Rc5+ 40.Kd4 
Rd5+ 41.Kc4 Rc5+ 42.Kd4 a5 43.e4 h4 44.gxh4 gxh4 45.Re8+ Kd7 46.Rf8 Ke7 
47.Ra8 Rg5 48.Rh8 a4 49.Ra8 Rg3 50.Rxa4 Rxh3 51.e5 dxe5+ 52.Kxe5 Rb3 53.
Ra7+ Kf8 54.Ra4 h3 55.Rg4 Rb5+ 56.Kf6 Rb6+ 57.Kf5 Rh6 58.Rg1 h2 59.Rh1 Ke7
60.Kg4 Ke6 61.Kg3 Ke5 62.Kg2 Ke4 63.Re1+ Kf4 64.Kh1 f5 65.Rf1+ Kg4 66.Rf2 
f4 67.Rg2+ Kf3 68.Rf2+ Ke4 69.Re2+ Kd3 70.Ra2 Ke4 71.Re2+ Kd3 72.Ra2 Rc6 
73.Kxh2 Re6 74.Kg1 Re2 75.Ra3+ Ke4 76.Kf1 Re3 77.Ra2 Rh3 78.Ra5 Rh2 79.Ra3
Rb2 80.Rc3 Kf5 81.Ra3 Kg4 82.Rc3 Rb1+ 83.Kf2 Ra1 84.Rb3 Ra2+ 85.Kf1 Ra1+ 
86.Kf2 Ra2+ 87.Kf1 f3 88.Rb8 Ra1+ 89.Kf2 Ra2+ 90.Kf1 Ra1+ 91.Kf2 Ra2+ 
1/2-1/2

[Event "23rd EUR-ch"]
[Site "Vrnjacka Banja SRB"]
[Date "2023.03.11"]
[Round "9.216"]
[White "Sakovich, Luka"]
[Black "Leskovac, Nikola"]
[Result "0-1"]
[WhiteElo "1799"]
[BlackElo "2103"]
[EventDate "2023.03.03"]
[PlyCount "99"]

1.e4 c6 2.d4 d5 3.Nc3 dxe4 4.Nxe4 Nf6 5.Nxf6+ exf6 6.c3 Bd6 7.Bd3 O-O 8.
Qc2 Re8+ 9.Ne2 g6 10.h4 Nd7 11.h5 Nf8 12.hxg6 fxg6 13.Bh6 Qc7 14.O-O-O Be6
15.c4 Qf7 16.Nf4 Bxf4+ 17.Bxf4 b5 18.b3 a5 19.Kb2 a4 20.c5 Ra6 21.Rb1 Bd5 
22.b4 Ne6 23.Be3 f5 24.Rh6 Bxg2 25.Rg1 a3+ 26.Kb1 Be4 27.Bxe4 fxe4 28.Qxe4
Ng7 29.Qc2 Ra4 30.Qb3 Ne6 31.Rh5 Nd8 32.Rhg5 Kg7 33.R1g2 Qxb3+ 34.axb3 a2+
35.Ka1 Ra3 36.R5g3 Kg8 37.Rg1 Rxb3 38.Bd2 Rxg3 39.fxg3 Re2 40.Rd1 Ne6 41.
Bc3 Nc7 42.Re1 Rc2 43.Bb2 Nd5 44.Re8+ Kf7 45.Rh8 Nxb4 46.Rxh7+ Ke6 47.Ba3 
Nd3 48.Rb7 Kd5 49.g4 Kc4 50.Ra7 0-1

[Event "23rd EUR-ch"]
[Site "Vrnjacka Banja SRB"]
[Date "2023.03.11"]
[Round "9.217"]
[White "Shadyev, Damir"]
[Black "Sekelja, Marko"]
[Result "1-0"]
[WhiteElo "1712"]
[BlackElo "2089"]
[EventDate "2023.03.03"]
[PlyCount "47"]

1.e4 g6 2.d4 Bg7 3.Nc3 d6 4.Be3 a6 5.a4 b6 6.h4 h5 7.Bc4 e6 8.Nge2 Ne7 9.
Qd2 Bb7 10.f3 Nd7 11.Nf4 e5 12.Nfd5 Nc6 13.dxe5 Ncxe5 14.Ba2 c6 15.Nf4 Bf6
16.O-O-O Bxh4 17.Qxd6 Be7 18.Bxf7+ Nxf7 19.Qe6 Qc7 20.Nxg6 Nf8 21.Nxf8 
Rxf8 22.Bxb6 Bc8 23.Qxf7+ Rxf7 24.Bxc7 1-0

[Event "23rd EUR-ch"]
[Site "Vrnjacka Banja SRB"]
[Date "2023.03.11"]
[Round "9.218"]
[White "Tabakovski, Dino"]
[Black "Lauda, Alexandr"]
[Result "0-1"]
[WhiteElo "1692"]
[BlackElo "2084"]
[EventDate "2023.03.03"]
[PlyCount "70"]

1.d4 Nf6 2.c4 g6 3.Nc3 Bg7 4.e4 d6 5.Nf3 O-O 6.h3 c5 7.d5 e6 8.Bd3 Nbd7 9.
O-O e5 10.a3 b6 11.b4 Nh5 12.Re1 h6 13.Rb1 f5 14.Nd2 f4 15.Nb5 Ndf6 16.
bxc5 bxc5 17.Be2 Rf7 18.Bf3 Bf8 19.Nb3 Ng7 20.Bd2 a5 21.Bc3 a4 22.Nxc5 
dxc5 23.Bxe5 Nfe8 24.d6 Qg5 25.Bxg7 Nxg7 26.e5 Bxh3 27.Bxa8 Bxg2 28.Bxg2 
f3 29.Qxf3 Rxf3 30.Kf1 Rd3 31.Bd5+ Kh7 32.e6 Nf5 33.Be4 Rd2 34.e7 Ng3+ 35.
Kg2 Nxe4+ 0-1

[Event "23rd EUR-ch"]
[Site "Vrnjacka Banja SRB"]
[Date "2023.03.11"]
[Round "9.219"]
[White "Mandryka, Vladislav"]
[Black "Lazic, Ljubisa"]
[Result "1-0"]
[WhiteElo "1465"]
[BlackElo "2138"]
[EventDate "2023.03.03"]
[PlyCount "65"]

1.d4 Nc6 2.d5 Ne5 3.e4 e6 4.f4 Ng6 5.dxe6 dxe6 6.Qxd8+ Kxd8 7.Nf3 Bc5 8.
Nc3 a6 9.Bd3 Nf6 10.Rf1 Bd7 11.g3 Ne7 12.Bd2 Nc6 13.a3 Nd4 14.Ne5 Be8 15.
O-O-O Kc8 16.g4 Nd7 17.Nf3 Nxf3 18.Rxf3 b5 19.e5 Rb8 20.Ne4 Be7 21.Bc3 Kb7
22.f5 Rd8 23.f6 gxf6 24.exf6 Bf8 25.Bf1 Rc8 26.Bg2 Kb8 27.Rfd3 Nc5 28.Nxc5
Bxc5 29.h4 h6 30.Bb4 Bxb4 31.axb4 c5 32.Rd6 Rg8 33.Rb6+ 1-0

[Event "23rd EUR-ch"]
[Site "Vrnjacka Banja SRB"]
[Date "2023.03.11"]
[Round "9.220"]
[White "Valitov, Ilshat"]
[Black "Korkmaz, Necmettin"]
[Result "1-0"]
[WhiteElo "1854"]
[BlackElo "2106"]
[EventDate "2023.03.03"]
[PlyCount "114"]

1.Nf3 d5 2.g3 g6 3.Bg2 Bg7 4.O-O e5 5.d3 Nc6 6.Nbd2 Nge7 7.e4 O-O 8.c3 a5 
9.Re1 h6 10.a4 Be6 11.Qc2 Qd7 12.exd5 Bxd5 13.Ne4 b6 14.b3 f5 15.Ned2 Rad8
16.Ba3 Rfe8 17.Rad1 g5 18.Nc4 Ng6 19.Ne3 Be6 20.d4 exd4 21.cxd4 Nxd4 22.
Nxd4 Bxd4 23.Bc6 Qf7 24.Bxe8 Rxe8 25.Rxd4 Ne5 26.Kg2 c5 27.Rd6 Qb7+ 28.Kf1
Qh1+ 29.Ke2 Qf3+ 30.Kd2 f4 31.gxf4 Qxf2+ 32.Re2 Qxf4 33.Kc1 Bg4 34.Re1 Bh5
35.Kb2 Nf7 36.Rg6+ Kf8 37.Bxc5+ bxc5 38.Qxc5+ Re7 39.Re6 Qf2+ 40.Ka3 Qxe1 
41.Qxe7+ Kg8 42.Qf6 Qb4+ 43.Ka2 Qd2+ 44.Qb2 Qd3 45.Qc2 Qd7 46.Ra6 Ne5 47.
Rxa5 Bg6 48.Qc3 Nf7 49.Nd5 Qd8 50.Nf6+ Kf8 51.Rc5 Qd1 52.Rc8+ Nd8 53.Qc5+ 
Kg7 54.Qe5 Bf7 55.Nd5+ Kg6 56.Rxd8 Qd2+ 57.Qb2 Qxb2+ 1-0

[Event "23rd EUR-ch"]
[Site "Vrnjacka Banja SRB"]
[Date "2023.03.11"]
[Round "9.221"]
[White "Oliinyk, Serafim"]
[Black "Arandjelovic, Aleksandar Z."]
[Result "1-0"]
[WhiteElo "2042"]
[BlackElo "1828"]
[EventDate "2023.03.03"]
[PlyCount "75"]

1.e4 c5 2.Nf3 Nc6 3.d4 cxd4 4.Nxd4 Nf6 5.Nc3 e5 6.Ndb5 d6 7.Bg5 a6 8.Na3 
b5 9.Bxf6 gxf6 10.Nd5 Bg7 11.c3 f5 12.Bd3 Be6 13.Nxb5 axb5 14.Bxb5 Bd7 15.
exf5 O-O 16.O-O Kh8 17.a4 Rb8 18.Re1 Qg5 19.Ne3 Qh6 20.Qf3 e4 21.Qxe4 Rbe8
22.Qc2 Rg8 23.Rad1 Be5 24.g3 Rg5 25.Ng2 Qh3 26.Bf1 Reg8 27.f4 Rh5 28.Ne3 
Rxg3+ 29.hxg3 Qh1+ 30.Kf2 Qh2+ 31.Bg2 Bxf4 32.gxf4 Qxf4+ 33.Ke2 Rh2 34.Rf1
Qg3 35.Rf2 Ne5 36.Qe4 Bc6 37.Qf4 Bf3+ 38.Rxf3 1-0

[Event "23rd EUR-ch"]
[Site "Vrnjacka Banja SRB"]
[Date "2023.03.11"]
[Round "9.222"]
[White "Lazovic, Emilija"]
[Black "Gusev, Mikhail"]
[Result "0-1"]
[WhiteElo "1594"]
[BlackElo "2039"]
[EventDate "2023.03.03"]
[PlyCount "92"]

1.e4 c5 2.Nf3 e6 3.d4 cxd4 4.Nxd4 a6 5.a4 Nf6 6.Nc3 Qc7 7.Bd3 Bb4 8.Bd2 
O-O 9.O-O Bxc3 10.Bxc3 e5 11.Nf5 d5 12.exd5 Nxd5 13.Qh5 Nf6 14.Qg5 Bxf5 
15.Qxf5 Nc6 16.Rfe1 Rfe8 17.f4 Qb6+ 18.Kh1 Nd4 19.Bxd4 exd4 20.Re5 Qxb2 
21.Rae1 Qb4 22.Rxe8+ Rxe8 23.Rxe8+ Nxe8 24.h3 Qxa4 25.Qxh7+ Kf8 26.Qh8+ 
Ke7 27.Qh4+ Kd6 28.Qe1 f6 29.f5 Kc7 30.Qe7+ Qd7 31.Qc5+ Kb8 32.Qb6 Qd6 33.
Qb3 Ka7 34.Be4 Qb6 35.Qa2 Nd6 36.Bd3 Qc5 37.Qe6 a5 38.Qd7 Qb4 39.Qe6 a4 
40.Qd5 Qe1+ 41.Kh2 Qe5+ 42.Qxe5 fxe5 43.f6 gxf6 44.Bh7 Kb6 45.Bg8 Kc5 46.
Ba2 e4 0-1

[Event "23rd EUR-ch"]
[Site "Vrnjacka Banja SRB"]
[Date "2023.03.11"]
[Round "9.223"]
[White "Alexandri, Dimitra"]
[Black "Kotyk, Michael"]
[Result "0-1"]
[WhiteElo "1586"]
[BlackElo "2018"]
[EventDate "2023.03.03"]
[PlyCount "100"]

1.d4 d5 2.c4 e5 3.dxe5 d4 4.Nf3 Nc6 5.Nbd2 Nge7 6.Nb3 Ng6 7.g3 Ngxe5 8.
Nxe5 Nxe5 9.Qxd4 Qxd4 10.Nxd4 Nxc4 11.e4 Bb4+ 12.Kd1 Bg4+ 13.Be2 Bxe2+ 14.
Kxe2 O-O-O 15.Nf5 Rhe8 16.f3 g6 17.Ne3 Nxe3 18.Bxe3 f5 19.Rac1 fxe4 20.
fxe4 Rxe4 21.Kf3 Re7 22.Bxa7 Rd2 23.a3 Bd6 24.Bc5 Bxc5 25.Rxc5 Rxb2 26.Rc3
Ree2 27.h4 h5 28.Rf1 Re6 29.Rd1 Rf6+ 30.Ke4 Re2+ 31.Kd3 Rg2 32.Ke4 Re2+ 
33.Kd3 Rf3+ 34.Kxe2 Rxc3 35.Kf2 Rxa3 36.Rd5 Ra6 37.Rg5 Kd7 38.Ke3 Ke7 39.
Kf3 Kf6 40.Rc5 Rc6 41.Rb5 b6 42.Rb4 Rc5 43.g4 hxg4+ 44.Kxg4 b5 45.Kg3 Rc3+
46.Kf2 c6 47.Ke2 Rc4 48.Rb3 Rxh4 49.Kf2 b4 50.Ke2 c5 0-1

[Event "23rd EUR-ch"]
[Site "Vrnjacka Banja SRB"]
[Date "2023.03.11"]
[Round "9.224"]
[White "Stoychev, Ognian"]
[Black "Kanana, Ziad"]
[Result "1/2-1/2"]
[WhiteElo "1952"]
[BlackElo "1757"]
[EventDate "2023.03.03"]
[PlyCount "73"]

1.d4 Nf6 2.c4 g6 3.Nc3 Bg7 4.e4 d6 5.Be2 O-O 6.Nf3 e5 7.d5 a5 8.Bg5 h6 9.
Bh4 Na6 10.Nd2 Bd7 11.O-O Qe8 12.b3 Nh7 13.a3 h5 14.f3 Bh6 15.Rb1 Be3+ 16.
Bf2 Bxf2+ 17.Rxf2 Nc5 18.b4 axb4 19.axb4 Na4 20.Qc1 f5 21.Ra1 Nxc3 22.Qxc3
Nf6 23.c5 Rxa1+ 24.Qxa1 Qe7 25.Qa5 Bc8 26.Rf1 fxe4 27.fxe4 Bg4 28.Bf3 Bxf3
29.Rxf3 Ng4 30.h3 Qg5 31.Rxf8+ Kxf8 32.hxg4 Qxd2 33.Qxc7 Qe1+ 34.Kh2 Qh4+ 
35.Kg1 Qe1+ 36.Kh2 Qh4+ 37.Kg1 1/2-1/2

[Event "23rd EUR-ch"]
[Site "Vrnjacka Banja SRB"]
[Date "2023.03.11"]
[Round "9.225"]
[White "Bozinovic, Boban"]
[Black "Kovac, Mihael"]
[Result "1-0"]
[WhiteElo "1931"]
[BlackElo "1784"]
[EventDate "2023.03.03"]
[PlyCount "89"]

1.e4 c5 2.Nf3 e6 3.d4 cxd4 4.Nxd4 Nf6 5.Nc3 Nc6 6.Ndb5 d6 7.Bf4 e5 8.Bg5 
a6 9.Na3 b5 10.Nd5 Be7 11.Bxf6 Bxf6 12.c3 Bg5 13.Nc2 O-O 14.a4 bxa4 15.
Rxa4 Ne7 16.h4 Bxh4 17.Rxh4 Nxd5 18.exd5 f5 19.Qh5 h6 20.Nb4 Bd7 21.Nc6 
Bxc6 22.dxc6 d5 23.Bxa6 e4 24.Rh3 Qb6 25.Qe2 f4 26.Qb5 Rxa6 27.Qxa6 Qxb2 
28.Qe2 Qb6 29.Rb4 Qxc6 30.Qb5 Qe6 31.Rd4 Rf5 32.Rh1 f3 33.g3 Qc8 34.Kd2 
Qa8 35.Ra4 Qc8 36.Rha1 Kh7 37.Rd4 Qd8 38.Kc2 Rh5 39.Rad1 Rh2 40.R1d2 e3 
41.fxe3 f2 42.Rf4 Rg2 43.Qd3+ Kh8 44.Rdxf2 g5 45.Rxg2 1-0

[Event "23rd EUR-ch"]
[Site "Vrnjacka Banja SRB"]
[Date "2023.03.11"]
[Round "9.226"]
[White "Deveci, Huseyin Said"]
[Black "Kamenov, Valentin"]
[Result "1-0"]
[WhiteElo "1913"]
[BlackElo "1704"]
[EventDate "2023.03.03"]
[PlyCount "51"]

1.e4 d6 2.d4 Nf6 3.Nc3 g6 4.Be3 Bg7 5.Qd2 Nc6 6.h3 e5 7.d5 Nd4 8.Nge2 O-O 
9.O-O-O Re8 10.f3 c5 11.dxc6 bxc6 12.Nxd4 exd4 13.Bxd4 Be6 14.h4 Qa5 15.
Qg5 Qd8 16.g4 h6 17.Qf4 Rc8 18.Ba6 Rc7 19.e5 Nd5 20.Nxd5 dxe5 21.Bxe5 Bxe5
22.Qxe5 Bxd5 23.Qf4 Rce7 24.Qxh6 Qa5 25.h5 Qxa6 26.hxg6 1-0

[Event "23rd EUR-ch"]
[Site "Vrnjacka Banja SRB"]
[Date "2023.03.11"]
[Round "9.228"]
[White "Bozic, Sasa"]
[Black "Djordjevic, Nevena"]
[Result "0-1"]
[WhiteElo "1839"]
[BlackElo "1889"]
[EventDate "2023.03.03"]
[PlyCount "183"]

1.e4 c5 2.Nf3 e6 3.d4 cxd4 4.Nxd4 Nc6 5.Nc3 Qc7 6.Be3 a6 7.a3 b5 8.Nxc6 
Qxc6 9.Be2 Bb7 10.Bf3 Qc7 11.e5 Rc8 12.Bxb7 Qxb7 13.O-O Ne7 14.Bg5 Ng6 15.
Re1 h6 16.Bd2 Be7 17.Qh5 Rc4 18.g3 O-O 19.Re2 Rd8 20.Rae1 d5 21.exd6 Rxd6 
22.Bc1 Qd7 23.Re4 Rxe4 24.Nxe4 Rd5 25.Qf3 Ne5 26.Qe2 Nc4 27.b3 Nxa3 28.Bb2
b4 29.Qg4 e5 30.Qxd7 Rxd7 31.g4 Nxc2 32.Rc1 Nd4 33.Ra1 Nxb3 34.Rxa6 Nd4 
35.Ra5 f6 36.Kf1 Kf7 37.h4 Ke6 38.h5 Bd6 39.Bxd4 exd4 40.Rb5 Bf8 41.Ke2 
Be7 42.Kd3 Kf7 43.Nd2 Bd6 44.Nf3 Be5 45.Rxb4 Ke6 46.Rb6+ Kd5 47.Nd2 Rc7 
48.Ne4 Ra7 49.Rb3 Kc6 50.Nd2 Ra2 51.Ne4 Ra1 52.Rb2 Ra3+ 53.Kc4 Ra4+ 54.Kd3
Ra3+ 55.Kc4 Rf3 56.Ra2 d3 57.Ra7 d2 58.Nxd2 Rxf2 59.Ne4 Rf4 60.Kd3 Rxg4 
61.Ra6+ Kd5 62.Ra5+ Ke6 63.Nc5+ Kf5 64.Ke2 Kg5 65.Ne6+ Kxh5 66.Kf3 Rg3+ 
67.Kf2 Rg6 68.Nf4+ Kg5 69.Nxg6 Kxg6 70.Kf3 Kg5 71.Ra2 h5 72.Rg2+ Kh6 73.
Ra2 h4 74.Kg4 Bg3 75.Ra3 Kg6 76.Ra5 Be1 77.Rh5 Kf7 78.Rb5 Kg6 79.Rh5 Bg3 
80.Rb5 Kf7 81.Rb7+ Kg6 82.Rb5 Kh6 83.Rh5+ Kg6 84.Rb5 Be5 85.Kxh4 Kf5 86.
Kh3 g5 87.Rb6 Kf4 88.Kg2 Kg4 89.Rb7 f5 90.Rb5 Bd4 91.Rd5 Be3 92.Re5 0-1

[Event "23rd EUR-ch"]
[Site "Vrnjacka Banja SRB"]
[Date "2023.03.11"]
[Round "9.229"]
[White "Labrovic, Jakov"]
[Black "Mitrovic, Stefan"]
[Result "1-0"]
[WhiteElo "1888"]
[BlackElo "1859"]
[EventDate "2023.03.03"]
[PlyCount "79"]

1.b3 d6 2.f4 b6 3.Nf3 Bb7 4.e3 Nf6 5.Bb2 Nbd7 6.Bc4 e6 7.O-O Be7 8.f5 Bxf3
9.Qxf3 d5 10.fxe6 fxe6 11.Bd3 O-O 12.Qh3 e5 13.Bf5 Bd6 14.Nc3 c6 15.Bxh7+ 
Nxh7 16.Qe6+ Kh8 17.Qxd6 Rf6 18.Rxf6 Nhxf6 19.Qxc6 Rc8 20.Qe6 d4 21.exd4 
exd4 22.Ne4 Nf8 23.Qh3+ N6h7 24.Rf1 Kg8 25.Qf5 Rc6 26.Ba3 Ng6 27.Rf3 Qe8 
28.Nd6 Rxd6 29.Bxd6 Nh4 30.Qd5+ Kh8 31.Rf1 Nf6 32.Qg5 Qe4 33.Bf8 Ne8 34.
Qg3 Ng6 35.Re1 Qc6 36.Bd6 Nf6 37.Be7 Nh5 38.Qf3 Qb5 39.a4 Qa5 40.b4 1-0

[Event "23rd EUR-ch"]
[Site "Vrnjacka Banja SRB"]
[Date "2023.03.11"]
[Round "9.230"]
[White "Lakusic, Zoran"]
[Black "Mitrovic, Vladan"]
[Result "1/2-1/2"]
[WhiteElo "1641"]
[BlackElo "1871"]
[EventDate "2023.03.03"]
[PlyCount "88"]

1.c4 Nf6 2.Nf3 e6 3.Nc3 Bb4 4.e3 O-O 5.Be2 d5 6.a3 Be7 7.b4 c5 8.bxc5 Bxc5
9.d4 Be7 10.c5 b6 11.cxb6 axb6 12.Ne5 Nfd7 13.Nxd7 Nxd7 14.Qb3 Ba6 15.Bxa6
Rxa6 16.O-O Qa8 17.a4 Rc8 18.Ba3 Bxa3 19.Qxa3 Rc4 20.Rfc1 Qc6 21.f4 Ra8 
22.Kf2 Nf6 23.Kf3 h5 24.h3 Ne4 25.Nxe4 dxe4+ 26.Kg3 Raxa4 27.Rxc4 Rxc4 28.
Qa8+ Qxa8 29.Rxa8+ Kh7 30.Ra7 Kg6 31.Rb7 Rb4 32.Kh4 Rb3 33.g4 hxg4 34.hxg4
Kh7 35.Rxf7 Rxe3 36.Re7 b5 37.Rxe6 b4 38.Kg5 b3 39.f5 Rc3 40.Kf4 e3 41.Kf3
Rd3 42.Rb6 e2+ 43.Kxe2 Rxd4 44.Kf3 Rd3+ 1/2-1/2

[Event "23rd EUR-ch"]
[Site "Vrnjacka Banja SRB"]
[Date "2023.03.11"]
[Round "9.231"]
[White "Dimitrijevic, Andjela"]
[Black "Tadic, Ana"]
[Result "0-1"]
[WhiteElo "1863"]
[BlackElo "1817"]
[EventDate "2023.03.03"]
[PlyCount "93"]

1.e4 c5 2.Nc3 e6 3.f4 Nc6 4.Nf3 g6 5.d4 cxd4 6.Nxd4 d6 7.Nf3 a6 8.Be3 Bg7 
9.Qd2 Qa5 10.Be2 Nge7 11.O-O d5 12.e5 O-O 13.a3 Nf5 14.b4 Qd8 15.Bc5 Re8 
16.Bd3 b6 17.Bf2 Nfe7 18.b5 axb5 19.Nxb5 Bd7 20.Nd6 Rf8 21.Rfb1 Rb8 22.Ra2
Na7 23.Rab2 Nec8 24.Nxc8 Nxc8 25.Ba6 Qe7 26.Qd3 Bh6 27.Rb4 Ra8 28.Bxc8 
Rfxc8 29.Bxb6 Ba4 30.R1b2 Qd7 31.Be3 Bc6 32.Nd4 Bf8 33.R4b3 Bc5 34.Nf3 Qa7
35.Bxc5 Qxc5+ 36.Nd4 Ra4 37.Rb4 Rca8 38.Rb8+ Rxb8 39.Rxb8+ Kg7 40.Rb4 Ra5 
41.Kf1 Ba4 42.f5 exf5 43.e6 Qd6 44.exf7 Kxf7 45.Qh3 h5 46.Qc3 Ra8 47.Nf3 
0-1

[Event "23rd EUR-ch"]
[Site "Vrnjacka Banja SRB"]
[Date "2023.03.11"]
[Round "9.232"]
[White "Popovic, Igor"]
[Black "Orlovic, Isa"]
[Result "1-0"]
[WhiteElo "1831"]
[BlackElo "1752"]
[EventDate "2023.03.03"]
[PlyCount "55"]

1.e4 d6 2.d4 g6 3.Nc3 Bg7 4.f4 Nf6 5.Nf3 Bg4 6.h3 Bxf3 7.Qxf3 c6 8.Bd2 Qb6
9.e5 Nfd7 10.exd6 exd6 11.Qe4+ Kd8 12.O-O-O Re8 13.Qf3 Qxd4 14.f5 Ne5 15.
Qg3 Kc8 16.Kb1 Na6 17.Bh6 Qc5 18.Bxg7 Nb4 19.Bxe5 Rxe5 20.fxg6 hxg6 21.Bd3
Kc7 22.Rhe1 Rae8 23.Rxe5 dxe5 24.a3 Nd5 25.Ne4 Qb6 26.Bc4 f5 27.Bxd5 cxd5 
28.Nc3 1-0

[Event "23rd EUR-ch"]
[Site "Vrnjacka Banja SRB"]
[Date "2023.03.11"]
[Round "9.233"]
[White "Mladenovic, Milan"]
[Black "Gogic, Anastasija"]
[Result "1/2-1/2"]
[WhiteElo "1787"]
[BlackElo "1772"]
[EventDate "2023.03.03"]
[PlyCount "58"]

1.e4 c5 2.Nf3 Nc6 3.a3 g6 4.Nc3 Bg7 5.b4 Nf6 6.Rb1 d6 7.Bc4 O-O 8.O-O Nd4 
9.h3 a6 10.bxc5 dxc5 11.a4 Be6 12.Bxe6 Nxf3+ 13.Qxf3 fxe6 14.Rxb7 Nd5 15.
Qg4 Nf4 16.Qg5 Rf7 17.Qxc5 Bd4 18.Qc7 Qf8 19.Ba3 Rc8 20.Qd7 Rxc3 21.dxc3 
Ne2+ 22.Kh2 Be5+ 23.f4 Nxf4 24.g3 Qh6 25.Rxf4 Bxf4 26.Qxe6 Bxg3+ 27.Kxg3 
Qe3+ 28.Kg2 Qd2+ 29.Kg3 Qe3+ 1/2-1/2

[Event "23rd EUR-ch"]
[Site "Vrnjacka Banja SRB"]
[Date "2023.03.11"]
[Round "9.234"]
[White "Nikolovski, David"]
[Black "Orlovic, Lucie"]
[Result "1-0"]
[WhiteElo "1860"]
[BlackElo "1004"]
[EventDate "2023.03.03"]
[PlyCount "39"]

1.d4 d5 2.Nc3 Nf6 3.Bf4 e6 4.Nb5 Bd6 5.Nxd6+ cxd6 6.e3 O-O 7.Nf3 h6 8.h3 
Nc6 9.Be2 Re8 10.O-O Nh5 11.Bh2 e5 12.Nxe5 dxe5 13.Bxh5 Re7 14.dxe5 Nxe5 
15.Qd4 Qd6 16.c4 Be6 17.Bxe5 Qd8 18.Bxg7 dxc4 19.Qxd8+ Rxd8 20.Bf6 1-0

[Event "23rd EUR-ch"]
[Site "Vrnjacka Banja SRB"]
[Date "2023.03.12"]
[Round "10.1"]
[White "Esipenko, Andrei"]
[Black "Sarana, Alexei"]
[Result "1/2-1/2"]
[WhiteElo "2680"]
[BlackElo "2668"]
[EventDate "2023.03.03"]
[PlyCount "91"]

1.d4 Nf6 2.c4 e6 3.Nf3 d5 4.g3 Bb4+ 5.Bd2 Be7 6.Bg2 c6 7.Qc2 b6 8.Bf4 O-O 
9.O-O Ba6 10.Nbd2 Nbd7 11.Rfc1 Nh5 12.e3 Rc8 13.h4 dxc4 14.Nxc4 c5 15.Qa4 
Nxf4 16.exf4 Nb8 17.Nce5 f6 18.Ng4 Qd7 19.Qxd7 Nxd7 20.Re1 Kf7 21.Ne3 Rfd8
22.d5 Nf8 23.Nd2 Rb8 24.Ndc4 Bxc4 25.Nxc4 exd5 26.Ne3 d4 27.Nf5 Bd6 28.
Bd5+ Kg6 29.Be4 Kf7 30.Bd5+ Kg6 31.Be4 Kf7 32.h5 Kg8 33.Bd3 b5 34.b3 g6 
35.Nxd6 Rxd6 36.Rac1 Rc6 37.Re7 a6 38.Be4 Rd6 39.hxg6 hxg6 40.Rxc5 d3 41.
Bd5+ Kh8 42.Bf3 Rbd8 43.Kf1 Ne6 44.Rc3 b4 45.Rc4 Nd4 46.Rcc7 1/2-1/2

[Event "23rd EUR-ch"]
[Site "Vrnjacka Banja SRB"]
[Date "2023.03.12"]
[Round "10.2"]
[White "Shevchenko, Kirill"]
[Black "Gledura, Benjamin"]
[Result "1-0"]
[WhiteElo "2668"]
[BlackElo "2637"]
[EventDate "2023.03.03"]
[PlyCount "105"]

1.d4 d5 2.c4 c6 3.Nc3 dxc4 4.e3 b5 5.a4 b4 6.Ne4 Qd5 7.Nd2 c3 8.bxc3 bxc3 
9.Nb1 Qa5 10.Qc2 Na6 11.Qxc3 Nb4 12.Bd2 e6 13.Nf3 Nf6 14.Bc4 Ne4 15.Qc1 
Be7 16.O-O Bb7 17.Nc3 Nxd2 18.Nxd2 O-O 19.Nb3 Qh5 20.Qd1 Qg6 21.Qb1 Rab8 
22.Qxg6 hxg6 23.Ne4 Ba6 24.Rfc1 Rfc8 25.Na5 c5 26.dxc5 Bxc4 27.Rxc4 Nc6 
28.Nxc6 Rxc6 29.Rac1 f5 30.Nd2 Rb2 31.Nf3 Rxc5 32.Rxc5 Bxc5 33.Ng5 Rb8 34.
g3 Be7 35.Nxe6 Rb6 36.Nf4 Ra6 37.Rc8+ Kh7 38.Rc4 Ra5 39.Ne6 Ra6 40.Nf4 Ra5
41.h3 g5 42.Ne6 Bf6 43.g4 Kg6 44.Nc5 fxg4 45.hxg4 Kf7 46.Kg2 Be7 47.Nb3 
Ra6 48.Nd4 Kf6 49.Rc6+ Rxc6 50.Nxc6 Bc5 51.Kf3 Ke6 52.Ke4 g6 53.Nd8+ 1-0

[Event "23rd EUR-ch"]
[Site "Vrnjacka Banja SRB"]
[Date "2023.03.12"]
[Round "10.3"]
[White "Bacrot, Etienne"]
[Black "Paravyan, David"]
[Result "1/2-1/2"]
[WhiteElo "2659"]
[BlackElo "2584"]
[EventDate "2023.03.03"]
[PlyCount "35"]

1.e4 e5 2.Nf3 Nf6 3.d4 Nxe4 4.Bd3 d5 5.Nxe5 Bd6 6.O-O O-O 7.c4 c5 8.Nc3 
Nxc3 9.bxc3 cxd4 10.cxd4 Bxe5 11.Qh5 g6 12.Qxe5 Nc6 13.Qxd5 Nb4 14.Qxd8 
Rxd8 15.Be2 Nc2 16.Bg5 Re8 17.Bf3 Nxd4 18.Bd5 1/2-1/2

[Event "23rd EUR-ch"]
[Site "Vrnjacka Banja SRB"]
[Date "2023.03.12"]
[Round "10.4"]
[White "Dragnev, Valentin"]
[Black "Korobov, Anton"]
[Result "1/2-1/2"]
[WhiteElo "2561"]
[BlackElo "2658"]
[EventDate "2023.03.03"]
[PlyCount "40"]

1.e4 c5 2.Nf3 d6 3.d4 cxd4 4.Nxd4 Nf6 5.Nc3 a6 6.h3 e5 7.Nb3 Be7 8.Be3 Be6
9.g4 d5 10.exd5 Nxd5 11.Bg2 Nxe3 12.Qxd8+ Bxd8 13.fxe3 Bh4+ 14.Kf1 Nc6 15.
Nc5 Bc4+ 16.Kg1 O-O-O 17.b3 Bg5 18.Re1 Bh4 19.Rb1 Bg5 20.Re1 Bh4 1/2-1/2